| 000 | 00795nam a2200277Ia 4500 | ||
|---|---|---|---|
| 003 | OSt | ||
| 005 | 20220912151743.0 | ||
| 006 | a|||||r|||| 00| 0 | ||
| 007 | ta | ||
| 008 | 220909b |||||||| |||| 00| 0 eng d | ||
| 024 | _a31908 | ||
| 037 | _cTextual | ||
| 040 |
_aCSL _beng _cCSL |
||
| 041 | _aeng | ||
| 082 | _aD65,8(B):3p1,N81, M1 | ||
| 100 | _aDeen S M Ed. | ||
| 111 | _aFirst British National conference on databases (1981 : Cambridge) | ||
| 245 | 0 | _aProceeding on databases | |
| 260 |
_aDevon _bPentech Press _c1981 |
||
| 300 |
_a205p. _ccm. |
||
| 650 | _a Database management | ||
| 650 | _aComputer science | ||
| 700 | _a Hammersley P Ed. | ||
| 942 |
_hD65,8(B):3p1,N81, M1 _cTEXL _2CC |
||
| 999 |
_c74581 _d74581 |
||